Reasoning wonder: (Record no. 11685)
[ view plain ]
| 000 -LEADER | |
|---|---|
| fixed length control field | 00616nam a22002177a 4500 |
| 005 - DATE AND TIME OF LATEST TRANSACTION | |
| control field | 20240928090818.0 |
| 008 - FIXED-LENGTH DATA ELEMENTS--GENERAL INFORMATION | |
| fixed length control field | 231004b ||||| |||| 00| 0 eng d |
| 020 ## - INTERNATIONAL STANDARD BOOK NUMBER | |
| International Standard Book Number | 9789385676178 |
| 040 ## - CATALOGING SOURCE | |
| Original cataloging agency | IN-DiNC |
| Transcribing agency | IN-DiNC |
| 041 ## - LANGUAGE CODE | |
| Language code of sung or spoken text | English |
| 082 ## - DEWEY DECIMAL CLASSIFICATION NUMBER | |
| Classification number | 153.43 |
| Item number | KHU |
| 100 ## - MAIN ENTRY--PERSONAL NAME | |
| Personal name | Khurana, KJS |
| Relator term | Author |
| 245 ## - TITLE STATEMENT | |
| Title | Reasoning wonder: |
| Remainder of title | verbal and non verbal/ |
| Statement of responsibility, etc. | by KJS Khurana and Rajeev Markanday |
| 250 ## - EDITION STATEMENT | |
| Edition statement | 1st ed. |
| 260 ## - PUBLICATION, DISTRIBUTION, ETC. | |
| Place of publication, distribution, etc. | New Delhi: |
| Name of publisher, distributor, etc. | S chand, |
| Date of publication, distribution, etc. | 2016. |
| 300 ## - PHYSICAL DESCRIPTION | |
| Extent | 308p. |
| 650 ## - SUBJECT ADDED ENTRY--TOPICAL TERM | |
| Topical term or geographic name entry element | Coding decoding |
| 650 ## - SUBJECT ADDED ENTRY--TOPICAL TERM | |
| Topical term or geographic name entry element | Reasoning for competitive exams |
| 700 ## - ADDED ENTRY--PERSONAL NAME | |
| Personal name | Markanday, Rajeev |
| Relator term | Author |
| 942 ## - ADDED ENTRY ELEMENTS (KOHA) | |
| Source of classification or shelving scheme | Dewey Decimal Classification |
| Koha item type | Books |
| Withdrawn status | Lost status | Source of classification or shelving scheme | Damaged status | Not for loan | Collection code | Home library | Current library | Shelving location | Date acquired | Cost, normal purchase price | Total Checkouts | Full call number | Barcode | Date last seen | Copy number | Price effective from | Koha item type | Date last checked out |
|---|---|---|---|---|---|---|---|---|---|---|---|---|---|---|---|---|---|---|
| Dewey Decimal Classification | General Collection | Central Library, Naharkatiya College | Central Library, Naharkatiya College | General Stacks | 04/10/2023 | 275.00 | 153.43 KHU | 29488 | 04/10/2023 | 1 | 04/10/2023 | Books | ||||||
| Dewey Decimal Classification | General Collection | Central Library, Naharkatiya College | Central Library, Naharkatiya College | General Stacks | 04/10/2023 | 275.00 | 1 | 153.43 KHU | 29489 | 28/02/2026 | 2 | 04/10/2023 | Books | 29/01/2026 | ||||
| Dewey Decimal Classification | General Collection | Central Library, Naharkatiya College | Central Library, Naharkatiya College | General Stacks | 28/09/2024 | 275.00 | 153.43 KHU | 30377 | 28/09/2024 | 3 | 28/09/2024 | Books |
